|
|
|
|
| LEADER |
00000nas a2200000 a 4500 |
| 001 |
ssj0068130 |
| 003 |
WaSeSS |
| 005 |
20200512172242.0 |
| 006 |
m d |
| 007 |
cr n |
| 008 |
000808c20009999is fr p s 0 0eng c |
| 010 |
|
|
|a 2001222969
|
| 016 |
7 |
|
|a 2019822-X
|2 DE-600
|
| 016 |
7 |
|
|a 982704550
|2 DE-101
|
| 016 |
7 |
|
|a 2266108-6
|2 DE-600
|
| 016 |
7 |
|
|a 009197223
|2 Uk
|
| 022 |
|
|
|y 1565-3323
|
| 024 |
8 |
|
|a eb767584
|
| 035 |
|
|
|a (WaSeSS)ssj0068130
|
| 037 |
|
|
|b Humphrey Institute for Social Research, Ben-Gurion University of the Negev, Beer Sheva, Israel 84105, fax: 972-7-647-2938, email: hagaris@bgumail.bgu.ac.il
|
| 040 |
|
|
|a CUS
|b eng
|c CUS
|d CLU
|d HLS
|d DLC
|d HEBIS
|d UMC
|d GWDNB
|d UKMGB
|d DEBBG
|d OCLCQ
|d OCLCF
|d OCLCO
|d OCL
|d OCLCQ
|d XFH
|d WaSeSS
|
| 042 |
|
|
|a pcc
|
| 043 |
|
|
|a aw-----
|
| 050 |
0 |
0 |
|a H1
|b .H27
|
| 245 |
0 |
0 |
|a Hagar
|h [electronic resource] :
|b international social science review = Hājir.
|
| 246 |
3 |
0 |
|a International social science review
|
| 246 |
3 |
1 |
|a Hājir
|
| 246 |
1 |
3 |
|a Studies in culture, polity, and identity
|
| 246 |
1 |
|
|i Issues for <fall 2007-> have subtitle:
|a Studies in culture, polity, and identities
|
| 260 |
|
|
|a Beer Sheva :
|b Humphrey Institute for Social Research, Ben-Gurion University of the Negev ;
|a [Haifa?] :
|b Israel Sociological Society,
|c [2000]-
|
| 310 |
|
|
|a Semiannual
|
| 362 |
0 |
|
|a Vol. 1, no. 1 (2000)-
|
| 500 |
|
|
|a Some issues have theme titles and are called special issue.
|
| 500 |
|
|
|a Title from cover.
|
| 506 |
|
|
|a License restrictions may limit access.
|
| 588 |
|
|
|a Latest issue consulted: Vol. 9, no. 1 (autumn 2009).
|
| 648 |
|
7 |
|a Since 1993
|2 fast
|
| 650 |
|
0 |
|a Social sciences
|v Periodicals.
|
| 650 |
|
0 |
|a Arab-Israeli conflict
|y 1993-
|x Peace
|v Periodicals.
|
| 650 |
|
7 |
|a Arab-Israeli conflict
|x Peace.
|2 fast
|0 (OCoLC)fst00812230
|
| 650 |
|
7 |
|a Social conditions
|2 fast
|0 (OCoLC)fst01919811
|
| 650 |
|
7 |
|a Social sciences.
|2 fast
|0 (OCoLC)fst01122877
|
| 651 |
|
0 |
|a Middle East
|x Social conditions
|v Periodicals.
|
| 651 |
|
7 |
|a Middle East.
|2 fast
|0 (OCoLC)fst01241586
|
| 655 |
|
0 |
|a Electronic journals.
|
| 710 |
2 |
|
|a Humphrey Institute for Social Research.
|
| 710 |
2 |
|
|a Agudah ha-sotsyologit ha-Yiśreʼelit.
|
| 780 |
0 |
0 |
|t Israel social science research
|x 0334-133X
|w (DLC)sf 93093994
|w (OCoLC)10396910
|
| 850 |
|
|
|a DLC
|
| 856 |
4 |
0 |
|z Full text available from Research Library: 07/01/2008 to 12/31/2010
|u https://search.proquest.com/publication/38320
|
| 856 |
4 |
0 |
|z Full text available from Research Library: 01/01/2013 to 01/31/2014
|u https://search.proquest.com/publication/38320
|